000
00347nam a2200157Ia 4500
008
210210b xxu||||| |||| 00| 0 eng d
041
_a
eng
082
_a
874/3
100
_a
-
245
_a
Palathum palathum ashwasikenda
260
_a
_b
-
_c
650
_a
Palathum
650
_a
ashwasikenda
690
_a
Malayalam Criticism
906
_a
002598
999
_c
124568
_d
124568